| 000 | 00842cam a22002777a 4500 | ||
|---|---|---|---|
| 003 | CHAP | ||
| 005 | 20220329140038.0 | ||
| 008 | 971013s1945 r 00010 d | ||
| 010 | _a46137 | ||
| 011 | _a47109 | ||
| 035 | _a51251 | ||
| 040 | _cCHAP | ||
| 082 |
_a338.17361 _bU55 |
||
| 100 | 0 | 0 |
_aUnión de Productores de Azúcar, Lima. _9116216 |
| 245 | 1 | 3 | _aEl azúcar peruana |
| 260 |
_aLima : _bSanmartí y Cía, _c1945 |
||
| 300 |
_a135 p. _b; láms. |
||
| 590 |
_aBATCH-UPD _b10 _c20130110 _lUCH01 _h0219 |
||
| 590 |
_aBATCH-UPD _b10 _c20130409 _lUCH01 _h2239 |
||
| 590 |
_aBATCH-UPD _b10 _c20130914 _lUCH01 _h0510 |
||
| 590 |
_aCONVERSION _b10 _c20130109 _lUCH01 _h1325 |
||
| 650 | 1 | 4 |
_aAzúcar _xAspectos económicos _xPerú. _99141 |
| 901 | _aBK | ||
| 942 | _cLIBRO | ||
| 949 |
_a338.17361 U55 _bBC _cLIBRO _d-114755 _eLIBRO _h5758 _i51251 _mD _si |
||
| 999 |
_c46137 _d46137 |
||